| 000 | 00829nam a2200217 a 4500 | ||
|---|---|---|---|
| 001 | 000039607 | ||
| 005 | 20201002033638.0 | ||
| 008 | 130711s2011 dr a 000 0 spa d | ||
| 020 | _a978937734859 | ||
| 040 |
_aDO-SdBNP _bspa _cBNPHU |
||
| 100 | 1 |
_aDelicado Puerto, Gemma _965770 |
|
| 245 | 1 | 0 |
_aSantas y meretrices : _bherederas de la magdalena en la literatura de los siglos de oro y la escena inglesa / _cGemma Delicado Puerto ; prólogo Frederick A. de Armas. |
| 260 |
_aMadrid : _bKassel, _c2011. |
||
| 300 |
_a203 p. : _bils. ; _c25 cm. |
||
| 490 | 1 |
_aEstudios de Literatura _vno. 115 |
|
| 500 | _aIncluye índice onomástico | ||
| 500 | _aIncluye notas al pie de las páginas | ||
| 504 | _aBibliografía : p. 185-197 | ||
| 700 | 1 |
_aArmas, Frederick A. de, _epról. _965771 |
|
| 830 | 0 |
_aEstudios de Literatura _n115 _965772 |
|
| 999 |
_c39097 _d39097 |
||